000 00953nam a22002537a 4500
003 UA-OsUOA
001 24961
007 ta
008 20040305b un ||||| |||| 00| 0 ukr d
090 _a343.37
_bЕ45
942 _cBK
040 _aUA-OsUOA
_bukr
_cUA-OsUOA
_dUA-OsUOA
245 _aЕкономічні злочини: попередження і боротьба з ними.
_bАналітичні розробки, пропозиції наукових і практичних працівників. Міжвідомчий науковий збірник.
_cРед. А.І.Комарова М.О.Потебенько В.П.Пустовойтенко
300 _a820 с.
955 _a0
041 _aukr
080 _a343.37
020 _a966-7176-04-5
260 _bНауково-дослідний інститут "Проблеми людини"
_c2001
246 3 1 _aТ.25
_n
044 _aUA
650 7 _2UDC
999 _c311247
_d311247